000 00350 a2200169 4500
001 190539
020 _a85-08-08166-9
040 _cMagnum
100 _aPorto, Cristina
240 1 0 _aJoana banana
_lpor
245 1 0 _aJoana banana
300 _a130
362 0 _a2003
440 1 _aÁtica
697 _aLITERATURA INFANTO-JUVENIL
942 _cBK
999 _c190539
_d190539